000 02252nam a2200457 c 4500
003 BLK
005 20180422112446.0
008 180409b bul|||||r ||||||| ||bul||
010 _aKNG00149335000
020 _a978-954-792-402-4
_bиздат.: СКОРПИО
040 _aBLK
041 _aBUL
_cBUL
072 7 _2bullib
_aН61
_xМедицина Н
072 7 _2bullib
_aЛ04
_xЛечебно хранене
080 _aХигиена на храненето с продукти от растителен и минерален произход - Вегетарианство;плодове, зеленчуци, корени, растителни масла, консерви и др.
_b613.26/.27
_x(02.062)
_z613.26/.27(02.062)
080 _aВегетарианска храна
_b641.564
_x(083.1)
_z641.564(083.1)
100 1 _aСмолянски, Борис Леонидович
_eпърви автор
_9121795
700 1 _aНакова, Цветанка
_eпрев. от рус.
_9371074
139 _aСмолянски, Борис Леонидович
_bС 47
245 1 0 _aСуровоядство
_cБорис Леонидович Смолянски; прев. от рус. Цветанка Накова.
257 _aRUS
260 София
_bСКОРПИО
_c2011
_fСофия : Инвестпрес
300 _a96 с.
_bс табл.
_c21 см
380 _a61
490 1 _aПоредица Здраве, дълголетие, естествено оздравяване
500 _aОриг. загл.: Питание сырой пищей - сыроедение / Борис Смолянский.
650 4 _aХранене - наръчници и ръководства
_9259293
650 4 _aВегетарианство - наръчници и ръководства
_9261409
650 4 _aВегетариански ястия - рецепти
_9150452
653 _aсуровоядство
653 _aвегетарианство
653 _aготварски рецепти
653 _aхигиена на храненето
659 _aЛ
659 _aН
852 _aЦб 264219
856 4 _qpdf
_u
856 4 _qpdf
_u
942 _cKNG
_n0
944 _aCR
_c16.08.2013
_kГеновева_Генчева
944 _aED
_c09.01.2014
_k
999 _c143219
_d143219